Normal view
MARC view
- Miller, Raymond W
Entry Personal Name
001 - CONTROL NUMBER
- control field: 6096
003 - CONTROL NUMBER IDENTIFIER
- control field: OSt
005 - DATE AND TIME OF LATEST TRANSACTION
- control field: 20240222161530.0
008 - FIXED-LENGTH DATA ELEMENTS
- fixed length control field: 240222|| aca||aabn | a|a d
040 ## - CATALOGING SOURCE
- Original cataloging agency: OSt
- Transcribing agency: OSt
100 ## - HEADING--PERSONAL NAME
- Personal name: Miller, Raymond W
670 ## - SOURCE DATA FOUND
- Source citation: Work cat.: (OSt)4826: Miller, Raymond W ., Soils: An introduction to soils and plant growth / , 1961.
